The Tale of Genji / (Record no. 12309)
[ view plain ]
| 000 -LEADER | |
|---|---|
| fixed length control field | 00369cam a2200157Ia 4500 |
| 020 ## - INTERNATIONAL STANDARD BOOK NUMBER | |
| ISBN | 0394735307 |
| 040 ## - CATALOGING SOURCE | |
| Transcribing agency | WEA |
| 041 1# - LANGUAGE CODE | |
| Language code of original and/or intermediate translations of text | jpn |
| 082 ## - DEWEY DECIMAL CLASSIFICATION NUMBER | |
| Classification number | 895 KNO 1978 A092 Or. |
| 100 0# - MAIN ENTRY--AUTHOR NAME | |
| Personal name | Murasaki Shikibu, |
| 245 14 - TITLE STATEMENT | |
| Title | The Tale of Genji / |
| 250 ## - EDITION STATEMENT | |
| Edition statement | 1st paperback ed |
| 260 ## - PUBLICATION, DISTRIBUTION, ETC. (IMPRINT) | |
| Place of publication | New York : |
| Name of publisher | Knopf, |
| Year of publication | 1978 |
| 300 ## - PHYSICAL DESCRIPTION | |
| Number of Pages | xix, 1090 p. : |
| Other physical details | ill. ; |
| Dimensions | 24 cm |
| 942 ## - ADDED ENTRY ELEMENTS (KOHA) | |
| Koha item type | សៀវភៅភាសាអង់គ្លេស |
| 952 ## - LOCATION AND ITEM INFORMATION (KOHA) | |
| Withdrawn status [LOCAL, KOHA] | 0 |
| Permanent Location | Date acquired | Koha item type | Lost status | Shelving location | Barcode | Current Location | Full call number |
|---|---|---|---|---|---|---|---|
| Library Block A | 2017-08-11 | សៀវភៅភាសាអង់គ្លេស | A092 | A16509 | Library Block A | 895 KNO 1978 A092 Or. |